[Event "FIDE World Rapid Team"]
[Site "Almaty KAZ"]
[Date "2024.08.02"]
[Round "4.46"]
[White "Zheenbekov, Nurgazy"]
[Black "Ulkhanov, Azamat"]
[Result "1/2-1/2"]
[WhiteElo "2124"]
[BlackElo "2006"]
[WhiteTeam "Kyrgyz Chess Academy"]
[BlackTeam "Chess Ratel"]
[WhiteFideId "13800485"]
[BlackFideId "13700235"]
[EventDate "2024.08.02"]

1. e4 d6 2. d4 Nf6 3. Nc3 e5 4. Nf3 Nbd7 5. Bc4 Be7 6. O-O c6 7. a4 h6 8. Ba2 a5
9. Nh4 Nb6 10. h3 d5 11. dxe5 Nxe4 12. Nxe4 dxe4 13. Qh5 Nd5 14. c4 Bxh4 15.
cxd5 cxd5 16. Bxd5 Qxd5 17. Qxh4 Qxe5 18. Bf4 Qe6 19. Qg3 O-O 20. Rfd1 Ra6 21.
Be3 Qf5 22. Rd6 Rxd6 23. Qxd6 Bd7 24. Qg3 Kh7 25. Rc1 Bxa4 26. Rc5 Qd7 27. Rxa5
Bc6 28. Kh2 Rd8 29. Bb6 Re8 30. Re5 Ra8 31. Ra5 Rxa5 32. Bxa5 f6 33. Bb4 Qd4 34.
Bf8 f5 35. Bd6 Qd5 36. Be5 Qd7 37. Bc3 Qe7 38. Qf4 Qe6 39. Qg3 Qf7 40. Bd4 f4
41. Qg4 Bd7 42. Qe2 Qd5 43. Bc3 f3 44. gxf3 Qd6+ 45. Kh1 exf3 46. Qe4+ Kg8 47.
h4 Qd1+ 48. Qe1 Qxe1+ 1/2-1/2

[Event "FIDE World Rapid Team"]
[Site "Almaty KAZ"]
[Date "2024.08.02"]
[Round "4.47"]
[White "Gein, Dmitriy"]
[Black "Samaganova, Aleksandra"]
[Result "1-0"]
[BlackTitle "WFM"]
[WhiteElo "1723"]
[BlackElo "1948"]
[WhiteTeam "Chess Ratel"]
[BlackTeam "Kyrgyz Chess Academy"]
[WhiteFideId "13781022"]
[BlackFideId "13800221"]
[EventDate "2024.08.02"]

1. c4 c5 2. Nc3 Nc6 3. Nf3 g6 4. d4 cxd4 5. Nxd4 Bg7 6. Nc2 d6 7. e4 Nf6 8. Be2
O-O 9. O-O Bd7 10. Be3 h6 11. h3 b6 12. Rc1 Rc8 13. Qd2 Kh7 14. Rfd1 Ne5 15. b3
Bc6 16. f4 Ned7 17. Bf3 Nc5 18. Bxc5 bxc5 19. Nd5 Nd7 20. Nce3 a5 21. Kh2 a4 22.
b4 cxb4 23. Nxb4 Ba8 24. Ned5 Nc5 25. Nc3 Qa5 26. Nbd5 e6 27. Ne3 Rfd8 28. Nb5
Qa6 29. Qc2 a3 30. Rb1 Na4 31. Rb3 Nb2 32. Rd2 Na4 33. Rxa3 Qxb5 34. cxb5 Rxc2
35. Nxc2 Nc3 36. b6 Nb1 37. Rxa8 Rxa8 38. Rxd6 e5 39. b7 Rb8 40. Rb6 Nd2 41. Nb4
Nc4 42. Nc6 Nxb6 43. Nxb8 exf4 44. Nc6 Nd7 45. Bg4 f5 46. exf5 f3 47. fxg6+ Kxg6
48. gxf3 Nb8 49. Nb4 Be5+ 50. Kg2 Bd6 51. Nd5 Kf7 52. Kf2 Nc6 53. Ke3 Bc5+ 54.
Ke4 Bd6 55. Bd7 Nb8 56. Bb5 Ba3 57. Kd4 Ke6 58. f4 Kf7 59. Ke5 Bf8 60. f5 Bc5
61. f6 h5 62. a4 Ba3 63. a5 h4 64. a6 Bc5 65. Nc7 Bb6 66. Bc4+ Kf8 67. Ne6+ Ke8
68. Ng7+ Kf8 69. Bb5 Bc7+ 70. Ke6 Bb6 71. Nh5 Bd4 72. f7 Bc5 73. Nf4 Kg7 74. Ng6
Kxg6 75. a7 1-0

[Event "FIDE World Rapid Team"]
[Site "Almaty KAZ"]
[Date "2024.08.02"]
[Round "4.48"]
[White "Tynybekov, Bakyt"]
[Black "Momyn, Madina"]
[Result "0-1"]
[WhiteElo "1795"]
[BlackElo "1733"]
[WhiteTeam "Kyrgyz Chess Academy"]
[BlackTeam "Chess Ratel"]
[WhiteFideId "13803360"]
[BlackFideId "13748866"]
[EventDate "2024.08.02"]

1. d4 Nf6 2. c4 d6 3. Nc3 g6 4. Nf3 Bg7 5. g3 Nbd7 6. Bg2 c5 7. O-O O-O 8. b3
Rb8 9. Bb2 a6 10. a4 b6 11. Qd2 Ne8 12. e4 Nc7 13. d5 b5 14. axb5 axb5 15. Ra2
bxc4 16. bxc4 Ba6 17. Qd3 Rb4 18. Nd2 Ne5 19. Qc2 Nxc4 20. Rfa1 Nxb2 21. Rxb2
Bd3 22. Qc1 Rxb2 23. Qxb2 Nb5 24. Rc1 Nxc3 25. Rxc3 Bxc3 26. Qxc3 Ba6 27. h4 Qb6
28. h5 Rb8 29. e5 Qb4 30. Qe3 Qd4 31. exd6 Qxe3 32. fxe3 exd6 33. Ne4 c4 34. h6
Rb3 35. Nf6+ Kh8 36. Ne8 Rxe3 37. Nxd6 c3 38. Kf2 Re2+ 0-1

[Event "FIDE World Rapid Team"]
[Site "Almaty KAZ"]
[Date "2024.08.02"]
[Round "4.1"]
[White "Annaberdiyev, Meylis"]
[Black "Aitbayev, Aslan"]
[Result "1-0"]
[WhiteTitle "GM"]
[BlackTitle "IM"]
[WhiteElo "2431"]
[BlackElo "2380"]
[WhiteTeam "TKM Chess"]
[BlackTeam "Astana-2"]
[WhiteFideId "14000563"]
[BlackFideId "13704613"]
[EventDate "2024.08.02"]

1. e4 d6 2. d4 g6 3. Nf3 Nf6 4. Nc3 a6 5. Be2 Bg7 6. O-O O-O 7. Re1 e6 8. Bg5 h6
9. Bh4 g5 10. Bg3 Nh5 11. d5 Nxg3 12. hxg3 Nd7 13. Nd4 Qf6 14. Nb3 Ne5 15. Rf1
g4 16. dxe6 Bxe6 17. Nd4 h5 18. Nd5 Bxd5 19. exd5 Nd7 20. c3 Nb6 21. f3 Nxd5 22.
fxg4 Qe5 23. Rf5 Qe3+ 24. Kh1 Be5 25. Nf3 Ne7 26. Rg5+ Bg7 27. Rxh5 Ng6 28. Bd3
Rae8 29. Qc2 Re6 30. Re1 Qxe1+ 31. Nxe1 Rxe1+ 32. Kh2 Re6 33. Bf5 Rf6 34. g5
Rxf5 35. Qxf5 Re8 36. Qd7 Re3 37. Qc8+ Nf8 38. g6 fxg6 39. Rg5 1-0

[Event "FIDE World Rapid Team"]
[Site "Almaty KAZ"]
[Date "2024.08.02"]
[Round "4.2"]
[White "Akhmetov, Ayan"]
[Black "Turayev, Shahruh"]
[Result "1-0"]
[WhiteTitle "IM"]
[WhiteElo "2380"]
[BlackElo "2097"]
[WhiteTeam "Astana-2"]
[BlackTeam "TKM Chess"]
[WhiteFideId "13703706"]
[BlackFideId "14003856"]
[EventDate "2024.08.02"]

1. d4 d5 2. Nf3 Nf6 3. Bf4 c5 4. e3 Nc6 5. Nbd2 cxd4 6. exd4 Bf5 7. c3 e6 8. Qb3
Qc8 9. Be2 Be7 10. Ne5 Nxe5 11. Bxe5 O-O 12. h4 Ng4 13. Bf4 e5 14. dxe5 Bc5 15.
Bg3 Re8 16. Bxg4 Bxg4 17. Qxd5 Bb6 18. Ne4 Qf5 19. O-O Qg6 20. Nd6 Re7 21. Kh2
Qh5 22. f4 Rd7 23. c4 Bd8 24. Kg1 Bxh4 25. Bxh4 Qxh4 26. f5 Qg3 27. Rae1 h5 28.
c5 Re7 29. f6 gxf6 30. exf6 Be6 31. Qxh5 Bd5 32. Qxd5 Rxe1 33. Qxf7+ Kh8 34.
Qg7+ 1-0

[Event "FIDE World Rapid Team"]
[Site "Almaty KAZ"]
[Date "2024.08.02"]
[Round "4.4"]
[White "Nugumanov, Bakhtiyar"]
[Black "Agajanova, Meryem"]
[Result "1-0"]
[WhiteTitle "IM"]
[BlackTitle "WCM"]
[WhiteElo "2288"]
[BlackElo "2007"]
[WhiteTeam "Astana-2"]
[BlackTeam "TKM Chess"]
[WhiteFideId "13701797"]
[BlackFideId "14005930"]
[EventDate "2024.08.02"]

1. e4 e6 2. d4 d5 3. exd5 exd5 4. Nf3 Nf6 5. Bd3 Bd6 6. O-O O-O 7. Bg5 Bg4 8.
Nbd2 c6 9. c4 dxc4 10. Nxc4 Be7 11. Nce5 Bxf3 12. Qxf3 Nbd7 13. Rad1 Nd5 14. Qh3
N7f6 15. Rfe1 Re8 16. Bc2 g6 17. Qf3 Kg7 18. Bb3 h6 19. Bxh6+ Kg8 20. Bg5 Kg7
21. h4 Rh8 22. Ng4 Rh5 23. Bxd5 Rxg5 24. hxg5 Nxd5 25. Ne5 Qf8 26. Qg4 Rd8 27.
Rd3 Bb4 28. Re4 Ne7 29. Rf3 Nf5 30. Rxf5 gxf5 31. Qxf5 Rd6 32. Rh4 Qg8 33. Nxf7
Rg6 34. Ne5 Re6 35. g6 1-0

[Event "FIDE World Rapid Team"]
[Site "Almaty KAZ"]
[Date "2024.08.02"]
[Round "4.5"]
[White "Ezizov, Muhammet"]
[Black "Tokbayev, Anuar"]
[Result "0-1"]
[WhiteElo "1909"]
[BlackElo "1880"]
[WhiteTeam "TKM Chess"]
[BlackTeam "Astana-2"]
[WhiteFideId "14003759"]
[BlackFideId "13724703"]
[EventDate "2024.08.02"]

1. e4 e6 2. d4 d5 3. exd5 exd5 4. c4 Nc6 5. Be3 Nf6 6. Nc3 Bf5 7. Nf3 Be7 8. Be2
O-O 9. O-O dxc4 10. Bxc4 Nb4 11. Rc1 c6 12. h3 Nbd5 13. Nxd5 Nxd5 14. Bf4 Nxf4
15. Qd2 Nd5 16. a3 Bd6 17. Bxd5 cxd5 18. Ne5 Bxe5 19. dxe5 d4 20. Qf4 Bg6 21.
Rfd1 d3 22. g4 Rc8 23. Rxc8 Qxc8 24. Qe3 Qc4 25. f3 Rd8 26. Rd2 Qd4 27. Kf2
Qxe3+ 28. Kxe3 f6 29. exf6 gxf6 30. f4 Re8+ 31. Kf2 Be4 32. Rd1 Rc8 33. Ke3 f5
34. gxf5 Bxf5 35. Kd4 Rd8+ 36. Ke5 Bxh3 37. Rd2 Kf7 38. f5 h5 39. Kf4 Kf6 40.
Ke3 Bxf5 41. Kf4 h4 42. Ke3 h3 43. Kf3 Re8 44. Rd1 h2 45. Kg3 Rh8 46. Rh1 Be4
47. Rxh2 Rxh2 0-1

[Event "FIDE World Rapid Team"]
[Site "Almaty KAZ"]
[Date "2024.08.02"]
[Round "4.6"]
[White "Altynbek, Aiaru"]
[Black "Sholpanbek, Zhansaya"]
[Result "1-0"]
[WhiteTitle "WFM"]
[WhiteElo "1990"]
[BlackElo "1752"]
[WhiteTeam "Astana-2"]
[BlackTeam "TKM Chess"]
[WhiteFideId "13752472"]
[BlackFideId "13775111"]
[EventDate "2024.08.02"]

1. d4 Nf6 2. Bf4 g6 3. Nf3 Bg7 4. c3 O-O 5. Nbd2 d6 6. e4 Nfd7 7. Be2 Nc6 8. O-O
e5 9. Be3 h6 10. dxe5 dxe5 11. Qc2 f5 12. exf5 gxf5 13. Nb3 e4 14. Nfd4 Nde5 15.
Rad1 Qf6 16. Nxc6 Qxc6 17. Nd4 Qf6 18. Nb5 f4 19. Bd4 f3 20. Bc4+ Kh8 21. Bxe5
Qxe5 22. g3 Qh5 23. Rfe1 Bf5 24. Qd2 c6 25. Nd6 Bh3 26. Rxe4 Bg2 27. Rh4 Qg6 28.
Rf4 Bf6 29. Bd3 Qh5 30. Rf5 Qh3 31. Qf4 Kg7 32. Re1 Bh1 33. Re7+ Kh8 34. Bf1
Qxf1+ 35. Kxf1 Bxe7 36. Qxh6+ Kg8 37. Qg6+ Kh8 38. Rh5# 1-0

[Event "FIDE World Rapid Team"]
[Site "Almaty KAZ"]
[Date "2024.08.02"]
[Round "4.7"]
[White "Ten, Viktor"]
[Black "Khusnutdinov, Rustam"]
[Result "1/2-1/2"]
[BlackTitle "GM"]
[WhiteElo "2236"]
[BlackElo "2429"]
[WhiteTeam "Chess Mates"]
[BlackTeam "Helicopter"]
[WhiteFideId "13700820"]
[BlackFideId "13701703"]
[EventDate "2024.08.02"]

1. e4 d5 2. exd5 Qxd5 3. Nc3 Qa5 4. g3 g6 5. Bg2 Bg7 6. Nge2 Nf6 7. Rb1 O-O 8.
b4 Qh5 9. Nf4 Qxd1+ 10. Nxd1 e5 11. Nd5 Nxd5 12. Bxd5 c6 13. Bg2 Be6 14. a4 Ba2
15. Ra1 Bd5 16. O-O Bxg2 17. Kxg2 Rd8 18. Rb1 e4 19. Re1 f5 20. g4 Nd7 21. gxf5
gxf5 22. Ne3 Rf8 23. Nc4 Nb6 24. Nd6 Rab8 25. Bb2 Bxb2 26. Rxb2 Nxa4 27. Ra2 b5
28. c4 a6 29. Rc1 Rf6 30. c5 Kg7 31. f3 Rg6+ 32. Kf2 Rf8 33. Rg1 Rxg1 34. Kxg1
exf3 35. Kf2 Kf6 36. d4 Rg8 37. Kxf3 Rg1 38. d5 cxd5 39. Rc2 Ke6 40. Re2+ Kd7
41. Nxf5 Kd8 42. Re6 a5 43. bxa5 Nxc5 44. Rd6+ Kc7 45. Rxd5 Rc1 46. a6 b4 47. a7
Kb7 48. Nd4 b3 49. Nb5 b2 50. Rd8 Ra1 51. Rb8+ Kc6 52. Nd4+ Kd5 53. Nc2 Ke5 1/2-1/2

[Event "FIDE World Rapid Team"]
[Site "Almaty KAZ"]
[Date "2024.08.02"]
[Round "4.8"]
[White "Gubaydulin, Talgat"]
[Black "Bolat, Inayat"]
[Result "0-1"]
[WhiteTitle "IM"]
[BlackTitle "FM"]
[WhiteElo "2385"]
[BlackElo "2264"]
[WhiteTeam "Helicopter"]
[BlackTeam "Chess Mates"]
[WhiteFideId "14202174"]
[BlackFideId "13733125"]
[EventDate "2024.08.02"]

1. e4 e5 2. Nf3 Nc6 3. d4 exd4 4. Bc4 Nf6 5. e5 Ne4 6. Qe2 Nc5 7. c3 d3 8. Qe3
Be7 9. O-O O-O 10. b4 Ne6 11. Rd1 d6 12. Bxd3 Re8 13. Bc2 Bd7 14. Qd3 Nf8 15.
exd6 Bxd6 16. Nbd2 Ne5 17. Nxe5 Bxe5 18. Nf3 Bf6 19. Nd4 Bg4 20. f3 Bh5 21. Bf4
c6 22. Bb3 Qb6 23. Be3 Rad8 24. Bf2 Qc7 25. Kh1 Bg6 26. Qc4 Be5 27. Bg1 h6 28.
Re1 Bd6 29. Rad1 Qd7 30. a3 Rxe1 31. Rxe1 Re8 32. Rd1 Qe7 33. Qf1 h5 34. Nc2 Bb8
35. Re1 Qd8 36. Nd4 h4 37. Qf2 Rxe1 38. Qxe1 h3 39. gxh3 Qd6 40. Qe3 c5 41. Nb5
Qc6 42. c4 Bh5 43. Kg2 Ng6 44. Nc3 Nf4+ 45. Kf1 Qd7 46. Nd5 Qxh3+ 47. Ke1 Ng2+ 0-1

[Event "FIDE World Rapid Team"]
[Site "Almaty KAZ"]
[Date "2024.08.02"]
[Round "4.9"]
[White "Skak, Abuali"]
[Black "Primbetov, Kazbek"]
[Result "1-0"]
[BlackTitle "FM"]
[WhiteElo "1969"]
[BlackElo "2059"]
[WhiteTeam "Chess Mates"]
[BlackTeam "Helicopter"]
[WhiteFideId "13739026"]
[BlackFideId "13702297"]
[EventDate "2024.08.02"]

1. e4 g6 2. d4 Nf6 3. Nc3 d5 4. e5 Nh5 5. Be2 Ng7 6. Nf3 h5 7. h3 Ne6 8. Ng5 Bg7
9. Nxe6 Bxe6 10. Bg5 c5 11. Bb5+ Nc6 12. O-O O-O 13. Ne2 Nxd4 14. Nxd4 cxd4 15.
Qxd4 Bf5 16. c3 a6 17. Ba4 Qc7 18. Rfe1 Be4 19. Bf4 1-0

[Event "FIDE World Rapid Team"]
[Site "Almaty KAZ"]
[Date "2024.08.02"]
[Round "4.10"]
[White "Kovanova, Mariya"]
[Black "Akhmedya, Madyar"]
[Result "1-0"]
[WhiteTitle "WFM"]
[WhiteElo "2118"]
[BlackElo "1786"]
[WhiteTeam "Helicopter"]
[BlackTeam "Chess Mates"]
[WhiteFideId "13704818"]
[BlackFideId "13739727"]
[EventDate "2024.08.02"]

1. e4 c5 2. d4 cxd4 3. Qxd4 Nc6 4. Qd3 g6 5. Nf3 Bg7 6. Nc3 d6 7. Be2 Nf6 8. O-O
O-O 9. Nd5 Nxd5 10. exd5 Nb4 11. Qb3 a5 12. c3 Na6 13. Be3 Nc5 14. Qc4 b6 15.
Qh4 Bf5 16. Nd4 Bd7 17. Bg5 f6 18. Be3 Qc8 19. Rad1 Kh8 20. Rfe1 f5 21. Qxe7 f4
22. Bc1 Be5 23. Nf3 Re8 24. Qh4 Ne4 25. Bxf4 Bf6 26. Bg5 Bg7 27. Bd3 Nc5 28. Bc2
Bf5 29. Bxf5 gxf5 30. Bf6 Qd7 31. Nd4 Qf7 32. Bxg7+ Qxg7 33. Nxf5 Qg6 34. Qd4+
Kg8 35. Ne7+ Rxe7 36. Rxe7 Rf8 37. Rde1 Nd3 38. R1e3 Nf4 39. Rg3 Qxg3 40. hxg3 1-0

[Event "FIDE World Rapid Team"]
[Site "Almaty KAZ"]
[Date "2024.08.02"]
[Round "4.13"]
[White "Grachev, Boris"]
[Black "Williams, Justus"]
[Result "1/2-1/2"]
[WhiteTitle "GM"]
[BlackTitle "IM"]
[WhiteElo "2585"]
[BlackElo "2361"]
[WhiteTeam "GMs Kazahhstan"]
[BlackTeam "Kazakhstan dream team"]
[WhiteFideId "4129199"]
[BlackFideId "2049929"]
[EventDate "2024.08.02"]

1. d4 d5 2. Nf3 Nf6 3. c4 dxc4 4. e3 a6 5. Bxc4 e6 6. O-O c5 7. Re1 Be7 8. e4
cxd4 9. e5 Nfd7 10. Qxd4 Nb6 11. Qxd8+ Bxd8 12. Bb3 Nc6 13. Nc3 Bc7 14. Be3 Nd7
15. Bf4 Nc5 16. Rad1 Bd7 17. Bc2 Nb4 18. Bb1 Bc6 19. a3 Nd5 20. Nxd5 Bxd5 21.
Rc1 Bb6 22. Nd2 O-O 23. Nc4 Ba7 24. Nd6 Nb3 25. Rcd1 Nc5 26. Be3 Na4 27. Rd2 b5
28. Bxa7 Rxa7 29. Rc1 Rd7 30. Ne4 Rdd8 31. Nd6 f6 32. f4 fxe5 33. fxe5 Nb6 34.
Re1 Nc4 35. Nxc4 Bxc4 36. Rxd8 Rxd8 37. b4 Rd2 38. Be4 Kf7 39. Re3 Bd5 40. Bf3
Kg6 41. Bxd5 Rxd5 42. Rg3+ Kf7 43. Rc3 Rxe5 44. Rc6 Re2 45. Rxa6 Ra2 46. Ra5 Kf6
47. Rxb5 Rxa3 48. Kf2 g6 49. Rb8 Rb3 50. b5 h5 51. b6 Kg5 52. Ke2 e5 53. Kd2 e4
54. Kc2 Rb5 55. Kc3 e3 56. Kd3 Rb3+ 57. Ke2 Kg4 58. Rb7 g5 59. Rb8 Kf4 60. Rf8+
Ke4 61. Re8+ Kd4 62. Rd8+ Ke4 63. Re8+ Kd4 64. Kf3 Rxb6 65. Re4+ Kd5 66. Rxe3
Rf6+ 67. Kg3 Re6 68. Rf3 Ke4 69. h4 Re5 70. Rf2 Rf5 71. Re2+ Kd3 72. Ra2 Ke3 73.
hxg5 Rxg5+ 74. Kh4 Rg8 75. Kxh5 Kf4 76. g4 Rh8+ 1/2-1/2

[Event "FIDE World Rapid Team"]
[Site "Almaty KAZ"]
[Date "2024.08.02"]
[Round "4.14"]
[White "Ishmukhametov, Adil"]
[Black "Balmagambetov, Timur"]
[Result "1/2-1/2"]
[WhiteElo "2077"]
[BlackElo "2154"]
[WhiteTeam "Kazakhstan dream team"]
[BlackTeam "GMs Kazahhstan"]
[WhiteFideId "13700170"]
[BlackFideId "13730258"]
[EventDate "2024.08.02"]

1. e4 c5 2. c4 e6 3. Nc3 Nc6 4. g3 g6 5. Bg2 Bg7 6. Nge2 Nge7 7. O-O O-O 8. Rb1
b6 9. d3 Bb7 10. f4 d6 11. h3 Qd7 12. Kh2 Kh8 13. a3 Rad8 14. b4 Nd4 15. Nxd4
cxd4 16. Ne2 f5 17. Bb2 e5 18. Qd2 Rc8 19. b5 fxe4 20. dxe4 Rxc4 21. Qd3 Rcc8
22. g4 Qe6 23. Rbc1 Qa2 24. Rb1 Qc4 25. Qxc4 Rxc4 26. f5 Rc2 27. Ng3 gxf5 28.
gxf5 d5 29. Rbc1 Rxc1 30. Bxc1 dxe4 31. Bg5 Bf6 32. Bh6 Rc8 33. Bxe4 Bxe4 34.
Nxe4 Nd5 35. Rg1 Rg8 36. Rc1 Be7 37. Rc6 Bxa3 38. f6 Rg6 39. f7 Rxh6 40. Rxh6
Kg7 41. Rh5 Kxf7 42. Rxe5 Ne7 43. Rh5 Kg6 44. Rg5+ Kf7 45. Rg3 Bc1 46. Kg2 h6
47. Rd3 Nf5 48. Ng3 Nh4+ 49. Kf1 Be3 50. Ra3 Ke6 51. Rxa7 Kd5 52. Ke2 Kc4 53.
Rc7+ Kxb5 54. Kd3 Ng6 55. Nf5 Nf4+ 56. Ke4 Nxh3 57. Nxe3 dxe3 58. Kxe3 Ng5 59.
Kd3 h5 60. Rg7 Ne6 61. Re7 Nc5+ 62. Kc2 Kc4 63. Rh7 Ne6 64. Rxh5 Nd4+ 65. Kb2 b5
66. Rh8 b4 67. Re8 Kb5 68. Rc8 Nc6 69. Rh8 Nd4 70. Rh5+ Kc4 71. Rh4 Kc5 72. Kb1
Kc4 73. Rh8 Kb3 74. Rc8 Ne2 75. Re8 Nd4 76. Kc1 Kc3 77. Re3+ Kc4 78. Kd2 Nb3+
79. Kc2 Nd4+ 80. Kb2 Kc5 81. Re8 Kc4 82. Rc8+ Kb5 83. Kc1 Nc6 84. Kd2 Kc5 85.
Kd3 Kd5 86. Rh8 Ne5+ 87. Kc2 Kc4 88. Rh4+ Kc5 89. Rh5 Kd4 90. Kb3 Nd3 91. Rg5
Nc5+ 92. Kxb4 Ne4 93. Rg8 Kd5 94. Rg1 Kd4 95. Rd1+ Ke5 96. Kc4 Nd6+ 97. Kc5 Ne4+
98. Kc6 Nc3 99. Rd3 Ne4 100. Rd5+ Kf4 101. Ra5 Ke3 102. Kd5 Nc3+ 103. Kc4 Ne4
104. Re5 Kf4 105. Kd4 Ng5 106. Re8 Kf5 107. Rf8+ Ke6 108. Rf1 Nf7 109. Re1+ Kd6
110. Re8 Kd7 111. Ra8 Ke6 112. Ra6+ Kf5 113. Kd5 Ng5 114. Ra1 Kf4 115. Re1 Nf3
116. Re8 Ng5 117. Rf8+ Ke3 118. Ke5 Nf3+ 119. Kf5 Nd4+ 120. Kg4 Ke4 121. Re8+
Kd5 122. Kf4 Ne6+ 123. Ke3 Ke5 124. Ra8 Nc5 125. Rh8 Kd5 126. Rh5+ Kc4 127. Rg5
Nb3 128. Rg4+ Kc3 129. Rg8 Kc4 130. Rc8+ Nc5 131. Rc7 Kd5 132. Ra7 Kc4 133. Ra1
Kd5 134. Rd1+ Ke5 135. Rd4 Ne6 136. Rc4 Kd5 137. Ra4 Nc5 138. Rh4 Ne6 139. Rh5+
Kc4 140. Re5 Nc5 141. Kd2 Kd4 142. Rh5 Ne4+ 143. Kc2 Ke3 144. Rd5 Nf6 145. Rd3+
Ke4 146. Kd2 Ke5 147. Ke3 Nd5+ 148. Kf3 Nf6 149. Re3+ Kd4 150. Re6 Nd5 151. Re4+
Kc5 152. Rh4 Kd6 153. Ke4 Nf6+ 154. Kf5 Nd5 155. Rd4 Kc5 156. Ke5 Nb4 157. Rd1
Nc6+ 158. Ke4 Nb4 159. Rc1+ Kd6 160. Rc8 Nc6 161. Rh8 Kc5 162. Rh1 Kd6 163. Rg1
Kc5 164. Rc1+ Kd6 165. Rc2 Nb4 166. Rc4 Nc6 167. Rxc6+ Kxc6 1/2-1/2

[Event "FIDE World Rapid Team"]
[Site "Almaty KAZ"]
[Date "2024.08.02"]
[Round "4.15"]
[White "Assylov, Miras"]
[Black "Ishmukhametova, Dilyara"]
[Result "1-0"]
[WhiteTitle "FM"]
[WhiteElo "2300"]
[BlackElo "1954"]
[WhiteTeam "GMs Kazahhstan"]
[BlackTeam "Kazakhstan dream team"]
[WhiteFideId "13728873"]
[BlackFideId "13703072"]
[EventDate "2024.08.02"]

1. e4 c5 2. Nf3 e6 3. d4 cxd4 4. Nxd4 Nf6 5. Nc3 Nc6 6. g3 Bb4 7. Bg2 d5 8. exd5
Nxd5 9. O-O Bxc3 10. Nxc6 bxc6 11. bxc3 O-O 12. c4 Ne7 13. Ba3 Qc7 14. Qd6 Qxd6
15. Bxd6 Re8 16. Rab1 Ba6 17. Rb4 Nf5 18. Bc5 Red8 19. Ra4 Bb7 20. Rb1 Bc8 21.
Bxc6 Bd7 22. Bxd7 Rxd7 23. Rxa7 Rdxa7 24. Bxa7 Kf8 25. Rb8+ Rxb8 26. Bxb8 Nd4
27. a4 Ke8 28. Be5 Nxc2 29. Bxg7 Kd7 30. Bf8 Kc6 31. a5 Nd4 32. Kg2 Nb3 33. Bb4
Nd4 34. g4 Nc2 35. Bf8 Nd4 36. Kg3 Kb7 37. Bb4 Nc2 38. Bc5 Ka6 39. Bb6 Na3 40.
c5 Kb5 41. Kh4 Nc4 42. Kg5 Ne5 43. h3 Nd3 44. Kf6 Nxf2 45. c6 1-0

[Event "FIDE World Rapid Team"]
[Site "Almaty KAZ"]
[Date "2024.08.02"]
[Round "4.16"]
[White "Zhunusov, Nurlan"]
[Black "Akhilbay, Imangali"]
[Result "1/2-1/2"]
[BlackTitle "FM"]
[WhiteElo "1771"]
[BlackElo "2279"]
[WhiteTeam "Kazakhstan dream team"]
[BlackTeam "GMs Kazahhstan"]
[WhiteFideId "13708872"]
[BlackFideId "13734857"]
[EventDate "2024.08.02"]

1. e4 e6 2. d4 d5 3. Nc3 Nf6 4. Bg5 dxe4 5. Nxe4 Be7 6. Bxf6 gxf6 7. Nf3 f5 8.
Nc3 a6 9. g3 b5 10. Bg2 Bb7 11. Qd2 c5 12. O-O O-O 13. a4 b4 14. Ne2 cxd4 15.
Nexd4 Nc6 16. Rad1 Nxd4 17. Qxd4 Qxd4 18. Rxd4 Rad8 19. Rfd1 Rxd4 20. Rxd4 Bc6
21. b3 Be4 22. Ne1 Bf6 23. Rc4 Rd8 24. Bxe4 fxe4 25. Rxe4 Rd1 26. Kg2 Bc3 27.
Nd3 a5 28. Rc4 Rd2 29. Rc5 Rxc2 30. Rxa5 Rd2 31. Ra8+ Kg7 32. Rd8 e5 33. Rd7 Bd4
34. Nxb4 Rxf2+ 35. Kh3 Rb2 36. Nc6 Bc3 37. a5 Rxb3 38. a6 Ra3 39. a7 e4 40. Re7
Be1 41. Rxe4 Bf2 42. Re8 Bxa7 43. Ra8 Bc5 44. Rxa3 Bxa3 45. g4 Bd6 46. Nd4 Kg6
47. Kg2 Kg5 48. h3 Bc5 49. Nf3+ Kf4 50. Nh4 Bf8 51. Nf5 h5 52. Ng3 hxg4 53. hxg4
Kxg4 54. Ne2 Bg7 55. Ng1 Bf6 56. Nf3 Kf4 57. Ng1 Ke4 58. Nf3 Be7 59. Ng1 Bg5 60.
Ne2 Be3 61. Ng3+ Kf4 62. Nh5+ Kg4 63. Ng3 Bf4 64. Ne2 Be5 65. Ng1 f5 66. Nf3 Bf6
67. Ne1 Kf4 68. Nf3 Ke3 69. Ng1 Kf4 70. Nf3 Kg4 71. Nh2+ Kf4 72. Nf3 Ke4 73. Ng1
Bg5 74. Nf3 Be7 75. Ng1 Bc5 76. Nf3 Be3 77. Nh4 f4 78. Nf3 Bc5 79. Ng5+ Ke3 80.
Nf3 Ke2 81. Ng5 Be7 82. Nf3 Bf6 83. Ng1+ Ke3 84. Nf3 Ke4 85. Nh2 Kf5 86. Nf3 Bc3
87. Nh2 Ke4 88. Nf3 Ke3 89. Nh2 Be1 90. Ng4+ Ke2 91. Nh2 Bh4 92. Nf3 Bg3 93. Ng5
Bf2 94. Nf3 Bc5 95. Nh4 Be7 96. Nf3 Bf6 97. Ng1+ Ke3 98. Nf3 Ke4 99. Nh2 Bd4
100. Nf3 Be3 101. Nh2 f3+ 102. Nxf3 1/2-1/2

[Event "FIDE World Rapid Team"]
[Site "Almaty KAZ"]
[Date "2024.08.02"]
[Round "4.17"]
[White "Kaliakhmet, Elnaz"]
[Black "Beisikenov, Eduard"]
[Result "1-0"]
[WhiteTitle "WFM"]
[WhiteElo "2137"]
[BlackElo "1821"]
[WhiteTeam "GMs Kazahhstan"]
[BlackTeam "Kazakhstan dream team"]
[WhiteFideId "13730169"]
[BlackFideId "13785079"]
[EventDate "2024.08.02"]

1. d4 Nf6 2. c4 c5 3. d5 b5 4. cxb5 a6 5. bxa6 e6 6. dxe6 fxe6 7. g3 d5 8. Bg2
Rxa6 9. Nf3 Nc6 10. O-O Be7 11. b3 O-O 12. Bb2 Qc7 13. Nc3 d4 14. Nb5 Qb8 15. a4
e5 16. Nd2 Bf5 17. Rc1 Nb4 18. Ba3 Na2 19. Bxc5 Nxc1 20. Bxe7 Rc8 21. Nc4 Na2
22. Bd6 Rxd6 23. Nbxd6 Nc3 24. Qe1 Rc5 25. Nxf5 1-0

[Event "FIDE World Rapid Team"]
[Site "Almaty KAZ"]
[Date "2024.08.02"]
[Round "4.19"]
[White "Altynbekuly, Madiyar"]
[Black "Kazakov, Konstantin"]
[Result "0-1"]
[BlackTitle "IM"]
[WhiteElo "2114"]
[BlackElo "2333"]
[WhiteTeam "KRG-Team"]
[BlackTeam "Storm of Dragons"]
[WhiteFideId "13736264"]
[BlackFideId "13700898"]
[EventDate "2024.08.02"]

1. d4 f5 2. h3 d5 3. Nf3 Nf6 4. Bf4 c5 5. e3 Nc6 6. Nbd2 e6 7. c3 Bd6 8. Bb5 O-O
9. Bxc6 bxc6 10. Bxd6 Qxd6 11. Ne5 cxd4 12. cxd4 Ba6 13. Rc1 Rfc8 14. Rc5 Rab8
15. Qc2 Nd7 16. Nxd7 Qxd7 17. Nf3 Qb7 18. b3 Qb4+ 19. Qd2 Qb7 20. Ne5 Rc7 21.
Qc3 Bb5 22. f4 a5 23. a4 Ba6 24. Nxc6 Qxb3 25. Nxb8 Qxc3+ 26. Rxc3 Rxc3 27. Kd2
Rd3+ 28. Kc2 Bc4 29. Nc6 Rxe3 30. Ra1 Rg3 31. Nxa5 Rxg2+ 32. Kc3 Be2 33. Ra2 h6
34. Kb4 g5 35. fxg5 hxg5 36. Nc6 f4 37. a5 0-1